Top 50 best Brazilian football players of all time - Statistics

General Stats
  • This quiz has been taken 1,276 times
    1,269 since last reset
  • The average score is 26 of 50
Answer Stats
Hint Answer % Correct
Forward, Santos, 3 World Cup Pelé
98%
Forward, Barcelona, PSG, Champions League 2015 Neymar
97%
Ballon d'Or 2005, Barcelona, World Cup 2002 Ronaldinho
96%
2 Ballon d'Or, Inter Milan, Real Madrid, World Cup 2002 Ronaldo
96%
Ballon d'Or 2007, AC Milan Kakà
92%
Full-back, Real Madrid, World Cup 2002 Roberto Carlos
92%
Goalkeeper, Liverpool, Champions League 2019 Alisson
88%
Ballon d'Or 1999, Barcelona, World Cup 2002 Rivaldo
88%
Full-back, Real Madrid, 5 Champions League Marcelo
86%
Full-back, Roma, AC Milan, 2 World Cup Cafu
85%
Defender, Chelsea, PSG, Champions League 2021 Thiago Silva
85%
Defensive Midfielder, Real Madrid, 5 Champions League Casemiro
84%
Full-back, Barcelona, 3 Champions League Dani Alves
83%
Goalkeeper, AC Milan, World Cup 2002 Dida
80%
Striker, Barcelona, PSV, World Cup 1994 Romário
79%
Winger, Botafogo, 2 World Cup Garrincha
78%
Midfielder of 1970s/1980s, Flamengo, Udinese Zico
73%
Goalkeeper, Inter Milan, Champions League 2010 Júlio César
71%
Defender, Bayer Leverkusen, Inter Milan, World Cup 2002 Lúcio
69%
Forward of 1970s/1980s, Fiorentina, Corinthians Sócrates
69%
Full-back, Inter Milan, Champions League 2010 Maicon
61%
Full-back, Santos, World Cup 1970 Carlos Alberto
60%
Midfielder/Forward, Botafogo, World Cup 1970 Jairzinho
58%
Forward, Deportivo La Coruña, Flamengo, World Cup 1994 Bebeto
48%
Goalkeeper, Parma, Internacional, World Cup 1994 Cláudio Taffarel
48%
Winger, Fluminense, Corinthians, World Cup 1970 Rivellino
42%
Defensive midfielder, Fiorentina, Stuttgart, World Cup 1994 Dunga
41%
Midfielder, Botafogo, Real Madrid, Fluminense, 2 World Cup Didi
40%
Full-back, Botafogo, 2 World Cup Nílton Santos
37%
Full-back, Palmeiras, 2 World Cup Djalma Santos
36%
Forward of 1980s, Atletico Mineiro, Gremio Éder
36%
Midfielder of 1980s, Roma Paulo Roberto Falcão
33%
Forward, Palmeiras, Atletico Madrid, 2 World Cup Vavá
33%
Forward of 1980s, Napoli Careca
30%
Striker, Cruzeiro, World Cup 1970 Tostão
30%
Defender, Roma, World Cup 1994 Aldair
29%
Striker of 1930s/1940s, Flamengo, Sao Paulo Leônidas
27%
Midfielder, Flamengo, Botafogo, World Cup 1970 Gérson
26%
Full-back of 1970s/1980s, Flamengo, Torino Júnior
26%
Winger, Flamengo, Botafogo, 2 World Cup Mario Zagallo
23%
Goalkeeper, Corinthians, Santos, 2 World Cup Gilmar
20%
Striker of 1970s/1980s, Vasco da Gama Roberto Dinamite
20%
Midfielder of 1940s/1950s, Sao Paulo, Flamengo Zizinho
19%
Midfielder, Santos, 2 World Cup Zito
18%
Midfielder of 1980s, Roma, Sampdoria Toninho Cerezo
16%
Striker, AC Milan, Napoli, World Cup 1958 José Altafini
15%
Striker of 1920s, Sao Paulo Arthur Friedenreich
14%
Defender, Sao Paulo, Vasco da Gama, 2 World Cup HIlderaldo Bellini
14%
Defender, Sao Paulo, Santos, 2 World Cup Mauro Ramos
10%
Striker of 1940s/1950s, Vasco da Gama, Sao Paulo Ademir de Menezes
7%
No matching quizzes found
Score Distribution
Percent of People with Each Score
Percentile by Number Answered
Your Score History
You have not taken this quiz since the last reset